[Event "Mechanics' Leighton Allen TNM; G/2"]
[Site "San Francisco"]
[Date "2015.09.29"]
[Round "9.17"]
[White "Yamamoto, Shu"]
[Black "Andries, Craig"]
[Result "0-1"]
[WhiteElo "1571"]
[BlackElo "1863"]
[Annotator "Donaldson"]
[PlyCount "70"]
[EventDate "2015.??.??"]

1. d4 Nf6 2. c4 g6 3. g3 Bg7 4. Bg2 d6 5. Nc3 O-O 6. Nf3 Nc6 7. O-O a6 8. e4 (
8. h3 Rb8 9. e4 {is one of the main lines.}) 8... Bg4 9. h3 (9. Be3 Nd7) 9...
Bxf3 10. Bxf3 e5 11. d5 Nd4 12. Bg2 c5 13. Ne2 (13. dxc6 bxc6 14. b4 {or} (14.
Be3 {are more commonly seen.})) 13... Nd7 14. f4 $6 Nxe2+ 15. Qxe2 exf4 16.
Bxf4 Ne5 (16... Bd4+ 17. Kh1 Ne5 {
looks even better as both minor pieces of Black are quite active.}) 17. Rab1 a5
18. a3 a4 19. b4 axb3 20. Rxb3 Qc7 21. Rfb1 Rfb8 22. Bf1 Ra4 23. Bxe5 $2 (23.
Qc2) 23... Bxe5 {Black's bishop is much stronger than its counterpart.} 24. Qf3
Ra7 25. Rb5 Qe7 26. Kg2 Bd4 27. R1b3 Qg5 28. Qd3 h5 29. h4 Qe7 30. Qb1 Bg7 31.
a4 $2 (31. Rb6) 31... Rxa4 32. Rxb7 Rxb7 33. Rxb7 Qe5 34. Qb3 Qxe4+ 35. Qf3
Ra2+ 0-1

[Event "Mechanics' Leighton Allen TNM; G/2"]
[Site "San Francisco"]
[Date "2015.08.10"]
[Round "2.18"]
[White "Yamamoto, Shu"]
[Black "Ayinala, Nihar"]
[Result "1-0"]
[WhiteElo "1571"]
[BlackElo "1054"]
[PlyCount "39"]
[EventDate "2015.??.??"]

1. d4 Nf6 2. c4 g6 3. Nc3 Bg7 4. g3 O-O 5. Bg2 Nc6 6. Nf3 b6 7. Ne5 Bb7 8. O-O
Qc8 9. Nxc6 Bxc6 10. e4 Qb7 11. d5 Bxd5 12. cxd5 e6 13. dxe6 dxe6 14. Bg5 Rad8
15. Qb3 e5 16. f4 Rfe8 17. fxe5 Rxe5 18. Bxf6 Re6 19. Bxg7 Kxg7 20. Rad1 1-0

[Event "Mechanics' Fall TNM; G/2"]
[Site "San Francisco"]
[Date "2015.11.24"]
[Round "6.31"]
[White "Yamamoto, Shu"]
[Black "Bhattacharjee, Shiva"]
[Result "1-0"]
[WhiteElo "1571"]
[BlackElo "1355"]
[PlyCount "57"]
[EventDate "2015.??.??"]

1. d4 Nf6 2. c4 g6 3. Nc3 Bg7 4. Nf3 d6 5. Bg5 O-O 6. e3 Nbd7 7. Qc2 h6 8. Bh4
c5 9. d5 Qa5 10. Nd2 a6 11. Be2 Re8 12. O-O Nf8 13. Bg3 Qd8 14. Rfd1 Nh5 15.
Bxh5 gxh5 16. Ne2 Ng6 17. h4 e6 18. Nf3 e5 19. Nc3 e4 20. Nxe4 Bf5 21. Nfd2
Nxh4 22. f3 Be5 23. Bxe5 Rxe5 24. Qb3 Qf8 25. Kf2 Qg7 26. Rg1 Qf8 27. Nf6+ Kh8
28. e4 Qe7 29. Nxh5 {White went on to win. Remaining moves are unavailable.}
1-0

[Event "Mechanics' Fall TNM; G/2"]
[Site "San Francisco"]
[Date "2015.10.27"]
[Round "2.21"]
[White "Yamamoto, Shu"]
[Black "Marcus, Joel"]
[Result "0-1"]
[WhiteElo "1571"]
[BlackElo "1904"]
[Annotator "Donaldson"]
[PlyCount "74"]
[EventDate "2015.??.??"]

1. d4 d5 2. c4 e6 3. Nc3 Nf6 4. Bg5 Nbd7 5. e3 c6 6. Nf3 Qa5 7. Qb3 Ne4 8. Bf4
Bb4 (8... g5 9. Nxg5 dxc4 (9... Nxg5 10. cxd5 $16) 10. Qa4 $11) 9. Rc1 Ndf6 (
9... O-O 10. Bd3 b6 (10... Nxc3 11. bxc3 Ba3 12. Rc2 b6)) 10. a3 Bd6 11. Bxd6
Nxd6 12. Ne5 O-O 13. Bd3 dxc4 14. Nxc4 Nxc4 15. Bxc4 Qg5 (15... e5 $11) 16. O-O
e5 17. Rfd1 Ng4 $2 18. Ne4 $1 Qh4 19. h3 Nh6 20. Nd6 $1 b5 21. Bf1 e4 22. Rxc6
Be6 23. Qc2 Rad8 24. Qc5 $1 Bd7 25. Rc7 f5 26. Qxa7 Qe7 27. Bxb5 Qxd6 {
Diagram [#]} 28. Bxd7 $2 (28. Rxd7 {
leaves White three pawns up with Black having nothing to show for it.}) 28...
Rf7 29. Qc5 Rfxd7 30. Qxd6 Rxd6 31. Rdc1 R6d7 32. Rxd7 (32. b4 {
would have gained a valuable tempo.}) 32... Rxd7 33. a4 (33. b4 $1) 33... Rb7
34. Rb1 Nf7 35. a5 Kf8 36. a6 Rb8 37. a7 Ra8 {White went on to lose the ending
although he is drawing at this stage. Remaining moves unavailable.} 0-1

[Event "Mechanics' Spring TNM; G/2"]
[Site "San Francisco"]
[Date "2015.03.31"]
[Round "3.32"]
[White "Yamamoto, Shu"]
[Black "Mathrubootham, Ganesh"]
[Result "0-1"]
[WhiteElo "1668"]
[BlackElo "1141"]
[Annotator "Donaldson"]
[PlyCount "30"]
[EventDate "2015.??.??"]

1. d4 d5 2. c4 Nc6 3. cxd5 Qxd5 4. e3 e5 5. Nc3 Bb4 6. Bd2 Bxc3 7. Bxc3 exd4 8.
Ne2 Bg4 9. exd4 $2 (9. f3 Bxf3 10. gxf3 Qxf3 11. Nxd4 Qxh1 12. Nxc6 Nf6 {
is the critical line.}) 9... O-O-O 10. Qa4 Bxe2 11. Kxe2 Qe4+ 12. Kd2 Nxd4 13.
Kc1 Ne2+ 14. Bxe2 Qxa4 15. Bxg7 Qf4+ 0-1

[Event "Mechanics' Leighton Allen TNM; G/2"]
[Site "San Francisco"]
[Date "2015.09.01"]
[Round "5.14"]
[White "Yamamoto, Shu"]
[Black "Ochoa, Jason"]
[Result "1/2-1/2"]
[WhiteElo "1571"]
[BlackElo "1952"]
[PlyCount "51"]
[EventDate "2015.??.??"]

1. d4 Nf6 2. c4 g6 3. Nc3 Bg7 4. g3 O-O 5. Bg2 d6 6. Nf3 c5 7. d5 Bf5 8. O-O
Na6 9. Ne1 Qd7 10. Qb3 Rab8 11. Nb5 b6 12. Qa3 Nc7 13. Nxc7 Qxc7 14. h3 h5 15.
Nf3 b5 16. Nh4 Bd7 17. Qd3 bxc4 18. Qxc4 Bb5 19. Qc2 Nd7 20. Bg5 Rb7 21. Nxg6
fxg6 22. Qxg6 Nf6 23. Bxf6 Rxf6 24. Qxh5 Rh6 25. Qg4 Bd7 26. Qg5 1/2-1/2

[Event "Mechanics' Spring TNM; G/2"]
[Site "San Francisco"]
[Date "2015.03.17"]
[Round "1.33"]
[White "Yamamoto, Shu"]
[Black "Otterbach, Renate"]
[Result "1-0"]
[WhiteElo "1668"]
[BlackElo "997"]
[Annotator "Donaldson"]
[PlyCount "79"]
[EventDate "2015.??.??"]

1. d4 d5 2. c4 c6 3. Nc3 Nf6 4. e3 Bf5 $2 5. Qb3 (5. cxd5 $1 cxd5 6. Qb3) 5...
Qc7 $2 (5... Qb6) 6. cxd5 Nbd7 7. dxc6 bxc6 8. Bc4 e6 9. Nge2 Be7 10. Ng3 Rb8
11. Qd1 Bg4 12. Qc2 O-O 13. e4 e5 14. Be3 Be6 15. Be2 Ng4 16. Nf5 Bxf5 17. Nd5
Nxe3 18. Nxe7+ Kh8 19. fxe3 Bg6 20. Nf5 Bxf5 21. exf5 Nf6 22. Bf3 Qa5+ 23. Kf2
Qb5 24. b3 exd4 25. exd4 g6 26. fxg6 fxg6 27. h3 Nd5 28. Rhe1 Qb6 29. Qc5 Qb4
30. Qxb4 Nxb4 31. Red1 Rf5 32. g4 Rf7 33. Kg3 g5 34. Rd2 Re7 35. Rc1 Rc8 36. d5
c5 37. d6 Rd7 38. Be4 Kg7 39. Bf5 Rxd6 40. Rxd6 1-0

[Event "Mechanics' Fall TNM; G/2"]
[Site "San Francisco"]
[Date "2015.12.08"]
[Round "8.27"]
[White "Yamamoto, Shu"]
[Black "Yamamoto, Craig"]
[Result "1/2-1/2"]
[WhiteElo "1571"]
[BlackElo "1656"]
[PlyCount "85"]
[EventDate "2015.??.??"]

1. d4 f5 2. Bg5 Nf6 3. Bxf6 exf6 4. e3 d5 5. c4 c6 6. Nc3 Bb4 7. Qb3 Bxc3+ 8.
Qxc3 Be6 9. Bd3 O-O 10. Ne2 dxc4 11. Nf4 Bf7 12. Bxc4 Qd7 13. O-O-O Bxc4 14.
Qxc4+ Qf7 15. Qxf7+ Rxf7 16. h4 g6 17. Ne6 Re7 18. Nf4 Na6 19. Nd3 Rc8 20. g3
b6 21. a3 Rd7 22. Nf4 Nc7 23. Rd2 Nd5 24. Nxd5 Rxd5 25. Rc2 c5 26. Rd1 Rcd8 27.
Rcd2 cxd4 28. Rxd4 Rxd4 29. Rxd4 Rc8+ 30. Kd2 Rc7 31. Rd3 Kf7 32. Rc3 Rxc3 33.
Kxc3 Ke6 34. Kc4 a6 35. a4 Kd6 36. b4 Kc6 37. b5+ axb5+ 38. axb5+ Kd6 39. Kd4
Ke6 40. f3 h6 41. f4 h5 42. Kc4 Kd6 43. Kd4 1/2-1/2

[Event "Mechanics' Summer TNM; G/2"]
[Site "San Francisco"]
[Date "2015.06.16"]
[Round "4.4"]
[White "Zhao, Art"]
[Black "Andries, Craig"]
[Result "1-0"]
[WhiteElo "2208"]
[BlackElo "1913"]
[PlyCount "65"]
[EventDate "2015.??.??"]

1. d4 g6 2. c4 Bg7 3. Nc3 d6 4. e4 Nf6 5. f3 O-O 6. Be3 Nc6 7. Nge2 e5 8. d5
Ne7 9. Qd2 a6 10. g4 Rb8 11. Ng3 Bd7 12. a4 c5 13. h4 Ne8 14. h5 f6 15. hxg6
hxg6 16. Bd3 Kf7 17. g5 Rh8 18. Rxh8 Bxh8 19. Qh2 Bg7 20. gxf6 Nxf6 21. O-O-O
Qa5 22. Qc2 Rh8 23. Rg1 Nh5 24. Nxh5 Rxh5 25. f4 Bh6 26. Qf2 Kg7 27. f5 Bxe3+
28. Qxe3 Be8 {Diagram #} 29. f6+ $1 Kxf6 30. Qf3+ Nf5 31. exf5 Rh2 32. fxg6+
Kg7 33. Rf1 1-0

[Event "Mechanics' Summer TNM; G/2"]
[Site "San Francisco"]
[Date "2015.06.09"]
[Round "3.7"]
[White "Zhao, Art"]
[Black "Clemens, Kristian"]
[Result "1-0"]
[WhiteElo "2208"]
[BlackElo "1887"]
[PlyCount "43"]
[EventDate "2015.??.??"]

1. d4 d5 2. c4 e6 3. Nc3 Nf6 4. Nf3 Be7 5. Bg5 Nbd7 6. e3 O-O 7. Bd3 dxc4 8.
Bxc4 c5 9. O-O b6 10. Qe2 Bb7 11. Rfd1 Ne4 12. Nxe4 Bxe4 13. Bf4 Qc8 14. Rac1
Qb7 15. Ba6 Qc6 16. dxc5 Nf6 17. Bb5 Qc8 18. cxb6 Qb7 19. Ba6 Qxb6 20. Bc7 Qb4
21. Rd4 Qxd4 22. Nxd4 {and White went on to win.} 1-0

[Event "Mechanics' Summer TNM; G/2"]
[Site "San Francisco"]
[Date "2015.07.14"]
[Round "8.5"]
[White "Zhao, Art"]
[Black "Gomez, David Flores"]
[Result "1-0"]
[WhiteElo "2208"]
[BlackElo "1809"]
[Annotator "Donaldson"]
[PlyCount "49"]
[EventDate "2015.??.??"]

1. d4 Nf6 2. c4 c5 3. d5 b5 4. cxb5 a6 5. bxa6 g6 6. Nc3 Bxa6 7. Nf3 Bg7 8. e4
Bxf1 9. Kxf1 d6 10. g3 Nbd7 11. h3 Qa5 12. Kg2 O-O 13. Qc2 Rfb8 14. Bd2 Qa6 15.
a4 Ne8 16. b3 Ne5 17. Nxe5 Bxe5 18. Rab1 Ra7 19. Nb5 Rab7 20. Bc3 Bxc3 21. Qxc3
Nc7 22. Nxc7 Rxc7 23. e5 Rb4 24. exd6 Qxd6 25. Rhd1 {
This resignation is a mystery, as 25...c4 offers Black equal chances.} 1-0

[Event "Mechanics' Summer TNM; G/2"]
[Site "San Francisco"]
[Date "2015.06.30"]
[Round "6.1"]
[White "Zhao, Art"]
[Black "Winslow, IM Elliott"]
[Result "0-1"]
[WhiteElo "2208"]
[BlackElo "2301"]
[Annotator "Donaldson"]
[PlyCount "106"]
[EventDate "2015.??.??"]

1. d4 Nf6 2. c4 g6 3. Nc3 Bg7 4. e4 O-O 5. f3 (5. Be3 {is sometimes considered
to be a more accurate move order but takes away the option of putting the
bishop on g5.}) 5... Nc6 (5... c5 {is an interesting gambit.} 6. dxc5 {
White can of course just play} (6. d5) 6... b6 7. Be3 (7. cxb6 Qxb6) 7... bxc5
8. Bxc5 Nc6 9. Qd2 Rb8 10. Rc1 Re8 11. b3 Bb7 12. Nh3 d6 13. Bf2 e6 14. Be2 d5
{Rabar-Gufeld, Baku 1964. Black has some play for the sacrificed material.}) 6.
Be3 ({White can try to exploit Black's early ...Nc6 and delaying ...d6 with} 6.
d5 Nb4 7. a3 Na6 8. Be3 d6 9. Bd3 c6 10. Nge2 e6 11. dxc6 bxc6 12. O-O) 6... d6
7. Nge2 Rb8 8. Qd2 Re8 9. g4 a6 10. a4 h5 11. h3 e5 12. d5 Nd4 13. Nxd4 exd4
14. Bxd4 hxg4 15. hxg4 c5 16. Be3 Nd7 17. Bg5 f6 18. Bh6 Ne5 19. Be2 Qe7 20.
Bxg7 Qxg7 21. O-O-O Bd7 22. Rh3 Kf7 23. Rg3 g5 24. Rf1 Ke7 25. Rfg1 Rh8 26. Nd1
b6 27. Ne3 Rh2 28. Nf1 Rh4 29. Ne3 Rh2 30. Nf1 Rh7 31. Ne3 Kd8 32. Nf5 Bxf5 33.
gxf5 Qh6 34. a5 b5 35. cxb5 axb5 36. a6 b4 37. b3 Kc7 38. Kb1 Kb6 39. Qa2 Qh4
40. Qa4 Qf4 41. Qa2 Qe3 42. Qb2 Ka7 43. Ka1 Rb6 44. Qc2 Rh2 45. R3g2 Rh7 46.
Kb1 Rc7 47. Rg3 c4 48. Bxc4 Rxa6 49. Rc1 Nxc4 50. bxc4 b3 51. Qc3 Qf2 52. Rcg1
Qa2+ 53. Kc1 Rxc4 0-1